000 00476pab a2200181 454500
008 180718b2011 xxu||||| |||| 00| 0 eng d
100 _aChoi, Sungjoo
245 _aOrganizational justice and employee work attitudes: The federal case
260 _c2011
300 _ap.185-204.
362 _aMar
650 _aEmployees
650 _aOrganizations
650 _aJob satisfaction
773 _aAmerican Review of Public Administration
908 _aN
909 _a92053
999 _c92053
_d92053